00536 2200217 4500001002100000005001500021035002000036007000300056008004100059020002200100082000800122084001400130100002400144245004300168250001000211260003500221300002100256600001300277990001500290990001300305INLIS00000000000777220260608084854 a0010-0626000012ta260608 | | ind  a978-623-305-251-1 a101 a101 FRE f0 aFrederick Copleston1 aFilsafat Hobbes /cFrederick Copleston aCet.1 aYogyakarta :bBasa Basi,c2021 a116 hlm ;c19 cm 4aFilsafat a125.2/2023 a125/2023